[Event "Voronezh-ch"]
[Site "Voronezh"]
[Date "2012.10.21"]
[Round "3"]
[White "Chernov, Vladimir Ermolaev"]
[Black "Poltavets, Ivan"]
[Result "1/2-1/2"]
[WhiteElo "2008"]
[BlackElo "1904"]
[PlyCount "47"]
[EventDate "2012.10.19"]
[EventType "swiss"]
[EventRounds "9"]
[EventCountry "RUS"]
[SourceTitle "EXT 2013"]
[Source "ChessBase"]
[SourceDate "2012.11.22"]
[SourceVersion "1"]
[SourceVersionDate "2012.11.22"]
[SourceQuality "1"]

1. e4 c5 2. Nf3 Nc6 3. d4 cxd4 4. Nxd4 Nf6 5. Nc3 g6 6. Be3 Bg7 7. Bc4 0-0 8. Bb3 Ng4 9. Qxg4 Nxd4 10. Qd1 Nxb3 11. axb3 Bxc3+ 12. bxc3 Qc7 13. Qd2 b5 14. f3 Bb7 15. Qd4 Rfc8 16. Bd2 e5 17. Qd3 Qc6 18. 0-0 Rd8 19. Rfd1 d5 20. Bh6 f6 21. exd5 Rxd5 22. Qxd5+ Qxd5 23. Rxd5 Bxd5 24. Be3 1/2-1/2

[Event "Voronezh Region-ch"]
[Site "Voronezh"]
[Date "2010.12.15"]
[Round "8"]
[White "Bykov, Alexey"]
[Black "Chernov, Vladimir Ermolaev"]
[Result "0-1"]
[WhiteElo "2015"]
[BlackElo "2011"]
[PlyCount "55"]
[EventDate "2010.12.07"]
[EventType "swiss"]
[EventRounds "9"]
[EventCountry "RUS"]
[SourceTitle "EXT 2013"]
[Source "ChessBase"]
[SourceDate "2012.11.22"]
[SourceVersion "1"]
[SourceVersionDate "2012.11.22"]
[SourceQuality "1"]

1. c4 e5 2. Nc3 d6 3. Nf3 Bg4 4. d4 exd4 5. Nxd4 Nd7 6. f3 Bh5 7. e4 h6 8. Be3 Be7 9. Qd2 Bg5 10. 0-0-0 Bxe3 11. Qxe3 Ne7 12. Nf5 0-0 13. g4 Bg6 14. h4 Re8 15. Nxe7+ Rxe7 16. Nd5 Re5 17. Bd3 c6 18. Nf4 Qa5 19. Nxg6 fxg6 20. f4 Rc5 21. Kb1 b5 22. cxb5 cxb5 23. Rc1 Rac8 24. Rxc5 Rxc5 25. Rd1 Qc7 26. Qd4 a6 27. Be2 Nb6 28. Qxd6 0-1

[Event "Voronezh Region-ch"]
[Site "Voronezh"]
[Date "2010.12.12"]
[Round "6"]
[White "Kareva, Natalia"]
[Black "Chernov, Vladimir Ermolaev"]
[Result "1-0"]
[WhiteElo "2058"]
[BlackElo "2011"]
[PlyCount "55"]
[EventDate "2010.12.07"]
[EventType "swiss"]
[EventRounds "9"]
[EventCountry "RUS"]
[SourceTitle "EXT 2013"]
[Source "ChessBase"]
[SourceDate "2012.11.22"]
[SourceVersion "1"]
[SourceVersionDate "2012.11.22"]
[SourceQuality "1"]

1. d4 Nf6 2. Bg5 e6 3. e4 Be7 4. e5 Nd5 5. Bxe7 Qxe7 6. c4 Nb6 7. Nc3 d6 8. Nf3 Nc6 9. exd6 cxd6 10. Be2 0-0 11. 0-0 Bd7 12. Re1 Rad8 13. d5 Nb8 14. b4 Rc8 15. Qb3 exd5 16. cxd5 Qf6 17. Rac1 Bf5 18. a4 N6d7 19. Nb5 a6 20. Nbd4 Bg6 21. h3 Ne5 22. Nxe5 Qxe5 23. Rxc8 Rxc8 24. Nf3 Qf6 25. Qe3 Nd7 26. Qa7 Rb8 27. Bb5 Qd8 28. Bxd7 1-0

[Event "Voronezh Region-ch"]
[Site "Voronezh"]
[Date "2010.12.10"]
[Round "4"]
[White "Chernov, Vladimir Ermolaev"]
[Black "Stepanischev, Anton"]
[Result "1/2-1/2"]
[WhiteElo "2011"]
[BlackElo "1831"]
[PlyCount "102"]
[EventDate "2010.12.07"]
[EventType "swiss"]
[EventRounds "9"]
[EventCountry "RUS"]
[SourceTitle "EXT 2013"]
[Source "ChessBase"]
[SourceDate "2012.11.22"]
[SourceVersion "1"]
[SourceVersionDate "2012.11.22"]
[SourceQuality "1"]

1. d4 Nf6 2. Nf3 e6 3. g3 d5 4. Bg2 c5 5. 0-0 cxd4 6. Nxd4 Bc5 7. Nb3 Bb6 8. Bg5 h6 9. Bf4 Nc6 10. c4 0-0 11. c5 Bc7 12. Bxc7 Qxc7 13. Nc3 a6 14. Na4 Bd7 15. Nb6 Rad8 16. Rc1 Bc8 17. Nxc8 Qxc8 18. Nd4 e5 19. Nxc6 bxc6 20. Qa4 Nd7 21. Rfd1 f5 22. e3 e4 23. Bf1 Ne5 24. Qxa6 Qe6 25. Qe2 g5 26. Bg2 Qg6 27. f4 Nd3 28. Rc3 Rb8 29. a3 Qf6 30. Rc2 Rb5 31. Qd2 Rxc5 32. Rxc5 Nxc5 33. Qc2 Nd7 34. Bf1 gxf4 35. exf4 Ra8 36. a4 Qd6 37. b4 Qxb4 38. Qxc6 Qb6+ 39. Qxb6 Nxb6 40. Bb5 Kf7 41. Bc6 Ra5 42. Rb1 Nc4 43. Rb7+ Kf6 44. Rh7 Kg6 45. Rd7 Nb6 46. Rd6+ Kg7 47. Bb5 Nxa4 48. Rxd5 Nc3 49. Rd7+ Kf6 50. Bc4 e3 51. Rf7+ Kg6 1/2-1/2

[Event "Voronezh-ch sf op"]
[Site "Voronezh"]
[Date "2010.02.17"]
[Round "7.16"]
[White "Chernov, Vladimir Ermolaev"]
[Black "Danilov, Yuri"]
[Result "1/2-1/2"]
[WhiteElo "2030"]
[BlackElo "1770"]
[PlyCount "50"]
[EventDate "2010.02.10"]
[EventType "swiss"]
[EventRounds "9"]
[EventCountry "RUS"]
[SourceTitle "EXT 2022"]
[Source "ChessBase"]
[SourceDate "2021.10.06"]
[SourceVersion "1"]
[SourceVersionDate "2021.10.06"]
[SourceQuality "1"]

1. e4 c5 2. Nf3 Nc6 3. d4 cxd4 4. Nxd4 Nf6 5. Nc3 g6 6. Be3 Bg7 7. Be2 0-0 8. 0-0 d5 9. exd5 Nxd5 10. Nxc6 bxc6 11. Bd4 Nxc3 12. bxc3 e5 13. Bc5 Qxd1 14. Rfxd1 Re8 15. Bf3 Bb7 16. Rab1 e4 17. Bxe4 Rxe4 18. Rxb7 Bxc3 19. g3 Re2 20. Rdd7 Rxc2 21. Rxf7 h5 22. a3 a5 23. Rfc7 Rb2 24. Rxb2 Bxb2 25. Kg2 Rd8 1/2-1/2

[Event "Voronezh-ch sf op"]
[Site "Voronezh"]
[Date "2010.02.16"]
[Round "6.12"]
[White "Golovchanov, Artiom"]
[Black "Chernov, Vladimir Ermolaev"]
[Result "1-0"]
[WhiteElo "2090"]
[BlackElo "2030"]
[PlyCount "35"]
[EventDate "2010.02.10"]
[EventType "swiss"]
[EventRounds "9"]
[EventCountry "RUS"]
[SourceTitle "EXT 2022"]
[Source "ChessBase"]
[SourceDate "2021.10.06"]
[SourceVersion "1"]
[SourceVersionDate "2021.10.06"]
[SourceQuality "1"]

1. e4 e5 2. Nc3 Nf6 3. Bc4 Nc6 4. d3 Bc5 5. f4 d5 6. Nxd5 Ng4 7. f5 Nf2 8. Qh5 g6 9. Qh6 Nxh1 10. Qg7 Rf8 11. Nf6+ Ke7 12. Nxh7 Kd7 13. Bg5 Be7 14. Bxe7 Kxe7 15. f6+ Kd6 16. Nxf8 Bg4 17. Qxf7 Nb4 18. Nxg6 1-0

[Event "Voronezh Region-ch"]
[Site "Voronezh"]
[Date "2009.10.14"]
[Round "4"]
[White "Korotchenkov, Viktor"]
[Black "Chernov, Vladimir Ermolaev"]
[Result "0-1"]
[WhiteElo "1675"]
[BlackElo "2084"]
[PlyCount "52"]
[EventDate "2009.10.10"]
[EventType "swiss"]
[EventRounds "9"]
[EventCountry "RUS"]
[SourceTitle "EXT 2010"]
[Source "ChessBase"]
[SourceDate "2010.11.25"]
[SourceVersion "1"]
[SourceVersionDate "2010.11.25"]
[SourceQuality "1"]

1. e4 d6 2. d4 Nf6 3. Bd3 g6 4. Be3 Bg7 5. h3 Nbd7 6. Nf3 e5 7. c3 0-0 8. Qd2 Re8 9. d5 Nc5 10. Qc2 c6 11. c4 Nxd3+ 12. Qxd3 b5 13. dxc6 bxc4 14. Qxc4 Be6 15. Qa4 d5 16. Nbd2 Nxe4 17. Nxe4 dxe4 18. Rd1 Qc7 19. Qxe4 f5 20. Qa4 f4 21. Bc5 e4 22. Ng5 e3 23. fxe3 fxe3 24. 0-0 e2 25. Nxe6 exf1Q+ 26. Rxf1 Rxe6 0-1

[Event "St Petersburg White Nights op"]
[Site "St Petersburg"]
[Date "2007.06.26"]
[Round "2"]
[White "Chernov, Vladimir Ermolaev"]
[Black "Chekmenev, Vladimir"]
[Result "1-0"]
[WhiteElo "2046"]
[BlackElo "1854"]
[PlyCount "39"]
[EventDate "2007.06.25"]
[EventType "swiss"]
[EventRounds "9"]
[EventCountry "RUS"]
[SourceTitle "CBM 119 Extra"]
[Source "ChessBase"]
[SourceDate "2007.09.04"]
[SourceVersion "1"]
[SourceVersionDate "2007.09.04"]
[SourceQuality "1"]

1. c4 Nf6 2. Nc3 d5 3. cxd5 Nxd5 4. e4 Nxc3 5. bxc3 g6 6. d4 Bg7 7. Be3 c5 8. Nf3 0-0 9. Be2 Nc6 10. 0-0 Bg4 11. e5 Qc7 12. Rc1 Rad8 13. Qa4 Bd7 14. Qa3 Na5 15. dxc5 e6 16. Rfd1 Rfe8 17. Bg5 Rc8 18. Rxd7 Qxd7 19. Qxa5 Bf8 20. Bb5 1-0

[Event "Spring on Petrograd Side"]
[Site "St Petersburg"]
[Date "2007.04.12"]
[Round "4"]
[White "Chernov, Vladimir Ermolaev"]
[Black "Mukha, Aleksey"]
[Result "1-0"]
[WhiteElo "2046"]
[BlackElo "1856"]
[PlyCount "65"]
[EventDate "2007.04.09"]
[EventType "swiss"]
[EventRounds "9"]
[EventCountry "RUS"]
[SourceTitle "EXT 2008"]
[Source "ChessBase"]
[SourceDate "2007.11.25"]
[SourceVersion "1"]
[SourceVersionDate "2007.11.25"]
[SourceQuality "1"]

1. c4 Nf6 2. Nc3 e6 3. e4 Bb4 4. e5 Bxc3 5. dxc3 Ng8 6. Qg4 g6 7. Bd3 h5 8. Qg3 Ne7 9. Bg5 Nbc6 10. Bf6 Rg8 11. Nf3 d6 12. 0-0-0 Qd7 13. Rhe1 d5 14. Bc2 Na5 15. cxd5 exd5 16. e6 fxe6 17. Ne5 Qd6 18. Bxe7 Qxe7 19. Bxg6+ Kd8 20. Nf7+ Kd7 21. Rxd5+ exd5 22. Rxe7+ Kxe7 23. Qg5+ Kf8 24. Ne5 Rxg6 25. Nxg6+ Kf7 26. Nh8+ Ke6 27. Qg6+ Ke7 28. Qf7+ Kd6 29. Qf8+ Kc6 30. b4 Nc4 31. Qc5+ Kd7 32. Qxd5+ Nd6 33. Nf7 1-0

[Event "St Petersburg Autumn op"]
[Site "St Petersburg"]
[Date "2006.11.07"]
[Round "8"]
[White "Yerastov, Alexey"]
[Black "Chernov, Vladimir Ermolaev"]
[Result "1-0"]
[WhiteElo "2253"]
[BlackElo "2011"]
[PlyCount "75"]
[EventDate "2006.10.31"]
[EventType "swiss"]
[EventRounds "9"]
[EventCountry "RUS"]
[SourceTitle "EXT 2007"]
[Source "ChessBase"]
[SourceDate "2006.11.23"]
[SourceVersion "1"]
[SourceVersionDate "2006.11.23"]
[SourceQuality "1"]

1. g3 d5 2. Bg2 e5 3. d3 Nf6 4. Nf3 Nc6 5. 0-0 Be7 6. c3 0-0 7. Qc2 Bg4 8. h3 Bf5 9. Nh4 Be6 10. e4 d4 11. c4 Qc8 12. Kh2 Ne8 13. Nf3 f6 14. Nbd2 Nb4 15. Qb1 a5 16. Ng1 g5 17. a3 Na6 18. Qc2 Nc5 19. Rb1 a4 20. f4 exf4 21. gxf4 Bd6 22. Ndf3 gxf4 23. Ne2 Nb3 24. Bxf4 Qd7 25. Nh4 Ra5 26. Ng3 Bxf4 27. Rxf4 Rg5 28. Rbf1 Kh8 29. Nf3 Rg6 30. Ne5 Rxg3 31. Nxd7 Rfg8 32. Nxf6 Nxf6 33. Rxf6 Rxg2+ 34. Qxg2 Rxg2+ 35. Kxg2 Nc5 36. R1f3 Kg7 37. e5 b5 38. Rg3+ 1-0

[Event "St Petersburg Autumn op"]
[Site "St Petersburg"]
[Date "2006.10.31"]
[Round "1"]
[White "Korennoi, Viktor"]
[Black "Chernov, Vladimir Ermolaev"]
[Result "0-1"]
[WhiteElo "2199"]
[BlackElo "2011"]
[PlyCount "160"]
[EventDate "2006.10.31"]
[EventType "swiss"]
[EventRounds "9"]
[EventCountry "RUS"]
[SourceTitle "EXT 2007"]
[Source "ChessBase"]
[SourceDate "2006.11.23"]
[SourceVersion "1"]
[SourceVersionDate "2006.11.23"]
[SourceQuality "1"]

1. d4 d5 2. c4 c6 3. Nc3 Nf6 4. Nf3 dxc4 5. a4 Bf5 6. Ne5 Nbd7 7. Nxc4 Nb6 8. e3 e6 9. Qb3 Be7 10. a5 Nxc4 11. Bxc4 Rb8 12. 0-0 0-0 13. Rd1 b5 14. axb6 axb6 15. Be2 Qc7 16. Bf3 Bg4 17. Be2 Bxe2 18. Nxe2 Bd6 19. h3 Ra8 20. Bd2 Ne4 21. Be1 Rxa1 22. Rxa1 Qb7 23. Qa4 b5 24. Qc2 c5 25. f3 Ng5 26. dxc5 Rc8 27. b4 Nxf3+ 28. gxf3 Qxf3 29. Nd4 Qxe3+ 30. Qf2 Qg5+ 31. Qg2 Qe5 32. Bf2 Bf8 33. Re1 Qh5 34. Qg4 Qd5 35. Nxb5 Rb8 36. Nd6 Bxd6 37. cxd6 Qxd6 38. Bd4 Qf8 39. Bc5 Qc8 40. Re2 Qd7 41. Rg2 f5 42. Qc4 Rd8 43. Re2 Kf7 44. b5 Rc8 45. Qd4 Qc7 46. Re5 Rd8 47. b6 Qb8 48. Qe3 Rd1+ 49. Kf2 Qd8 50. Bb4 Rb1 51. Ba5 Qh4+ 52. Ke2 Qc4+ 53. Kf2 f4 54. Qe2 Qd4+ 55. Kf3 Rb3+ 56. Kg4 Rg3+ 57. Kh4 g5+ 58. Kh5 f3 59. Re4 Rxh3+ 60. Kg4 Qg1+ 61. Kxh3 fxe2 62. Rxe2 Qh1+ 63. Kg3 Qh4+ 64. Kg2 Qg4+ 65. Kf1 Qh3+ 66. Kg1 Qg4+ 67. Kf1 Qh3+ 68. Kg1 Qg3+ 69. Kf1 Qd3 70. Be1 Qb5 71. Bf2 g4 72. Bd4 g3 73. Ke1 Qb4+ 74. Rd2 g2 75. Bg1 h5 76. Be3 h4 77. Kf2 h3 78. Rd7+ Ke8 79. Rd1 Qh4+ 80. Kg1 Qg3 0-1

[Event "St Petersburg White Nights op"]
[Site "St Petersburg"]
[Date "2006.06.24"]
[Round "2"]
[White "Mukhlisov, Vladislav"]
[Black "Chernov, Vladimir Ermolaev"]
[Result "1/2-1/2"]
[WhiteElo "2140"]
[BlackElo "2030"]
[PlyCount "100"]
[EventDate "2006.06.23"]
[EventType "swiss"]
[EventRounds "9"]
[EventCountry "RUS"]
[SourceTitle "CBM 112 Extra"]
[Source "ChessBase"]
[SourceDate "2006.07.14"]
[SourceVersion "1"]
[SourceVersionDate "2006.07.14"]
[SourceQuality "1"]

1. e4 c5 2. Nf3 Nc6 3. Bb5 d6 4. 0-0 Bd7 5. c3 Qb6 6. Na3 Nf6 7. Re1 e5 8. Bf1 Be7 9. Nc4 Qc7 10. d4 b5 11. Ncd2 Rb8 12. h3 0-0 13. d5 Nd8 14. g4 Ne8 15. Bg2 f6 16. Nf1 Nf7 17. Ng3 g6 18. Nh2 Ng7 19. Qc2 Qc8 20. f4 exf4 21. Bxf4 Ne5 22. Nf3 Bxg4 23. hxg4 Qxg4 24. Bxe5 fxe5 25. Kh2 Rxf3 26. Bxf3 Qxf3 27. Qe2 Qxe2+ 28. Rxe2 Rf8 29. Kg2 Bg5 30. a4 b4 31. cxb4 cxb4 32. Rc2 Be3 33. Rf1 Rxf1 34. Kxf1 h5 35. Rc6 Ne8 36. Kg2 Bc5 37. Nf1 Kf7 38. Nd2 g5 39. Nf3 Kf6 40. Rc8 Ng7 41. Rf8+ Kg6 42. Rg8 g4 43. Nh4+ Kf7 44. Rh8 Kf6 45. Rg8 Be3 46. b3 Bg5 47. Kg3 Kf7 48. Rh8 Bf4+ 49. Kf2 Bg5 50. Kg3 Bf4+ 1/2-1/2

[Event "Chigorin Memorial 13th"]
[Site "St Petersburg"]
[Date "2005.10.19"]
[Round "5"]
[White "Chernov, Vladimir Ermolaev"]
[Black "Malysheva, Polina"]
[Result "0-1"]
[WhiteElo "2009"]
[BlackElo "2295"]
[PlyCount "84"]
[EventDate "2005.10.15"]
[EventType "swiss"]
[EventRounds "9"]
[EventCountry "RUS"]
[SourceTitle "CBM 108 Extra"]
[Source "ChessBase"]
[SourceDate "2005.11.04"]
[SourceVersion "1"]
[SourceVersionDate "2005.11.04"]
[SourceQuality "1"]

1. c4 e5 2. Nc3 d6 3. e4 f5 4. exf5 Bxf5 5. Nf3 Nc6 6. d4 e4 7. Ng5 Nf6 8. f3 exf3 9. Nxf3 Qd7 10. a3 0-0-0 11. Be2 d5 12. c5 Bxc5 13. dxc5 d4 14. 0-0 dxc3 15. Qxd7+ Rxd7 16. bxc3 Bd3 17. Bxd3 Rxd3 18. Nd4 Nxd4 19. cxd4 Rxd4 20. Bb2 Rc4 21. Rac1 Rxc1 22. Rxc1 Kd7 23. c6+ bxc6 24. Bxf6 gxf6 25. Rf1 Rf8 26. Rf5 Ke6 27. Ra5 Rf7 28. Rxa7 Kd5 29. Kf2 Re7 30. Ra8 c5 31. Rd8+ Kc4 32. Rb8 Kd3 33. Rd8+ Kc3 34. Rf8 Kb3 35. Rxf6 Kxa3 36. g4 c4 37. g5 c3 38. Rc6 Kb2 39. Rc5 c2 40. Rb5+ Kc3 41. Rc5+ Kd3 42. h4 Re4 0-1

[Event "Chigorin Memorial 13th"]
[Site "St Petersburg"]
[Date "2005.10.17"]
[Round "3"]
[White "Chernov, Vladimir Ermolaev"]
[Black "Tsapko, Dmitry"]
[Result "1-0"]
[WhiteElo "2009"]
[BlackElo "2137"]
[PlyCount "99"]
[EventDate "2005.10.15"]
[EventType "swiss"]
[EventRounds "9"]
[EventCountry "RUS"]
[SourceTitle "CBM 108 Extra"]
[Source "ChessBase"]
[SourceDate "2005.11.04"]
[SourceVersion "1"]
[SourceVersionDate "2005.11.04"]
[SourceQuality "1"]

1. c4 c5 2. e4 e6 3. Nc3 d6 4. Nf3 Nf6 5. d4 cxd4 6. Nxd4 Be7 7. Be2 a6 8. 0-0 b6 9. Be3 Bb7 10. f3 0-0 11. Qd2 Qc7 12. Rac1 Nbd7 13. Rfd1 Rac8 14. Bf1 Qb8 15. Qf2 Bd8 16. Nc2 Bc7 17. g3 h5 18. Ne1 Ba8 19. Rc2 Ne5 20. Be2 Rfd8 21. Rcd2 Bc6 22. a4 Qb7 23. Nc2 Be8 24. h3 Ned7 25. b4 Ra8 26. Bf1 Qb8 27. f4 Nf8 28. Bg2 Bc6 29. b5 axb5 30. axb5 Bb7 31. Bxb6 Rc8 32. Bxc7 Qxc7 33. Ne3 Ra3 34. Rd3 Qa5 35. Qd2 N8d7 36. Nc2 Rb3 37. Nd4 Ra3 38. Nc6 Bxc6 39. bxc6 Nc5 40. Re3 Ncxe4 41. Bxe4 Nxe4 42. Rxe4 Qxc3 43. Qxc3 Rxc3 44. Rxd6 Rc1+ 45. Kf2 Rc2+ 46. Ke3 Kf8 47. Kd4 Ra8 48. Kc5 Rb2 49. c7 Ke7 50. Rb6 1-0

[Event "St Petersburg White Nights op"]
[Site "St Petersburg"]
[Date "2005.06.19"]
[Round "2"]
[White "Annenkov, Kirill"]
[Black "Chernov, Vladimir Ermolaev"]
[Result "1-0"]
[WhiteElo "2266"]
[BlackElo "2029"]
[PlyCount "63"]
[EventDate "2005.06.18"]
[EventType "swiss"]
[EventRounds "9"]
[EventCountry "RUS"]
[SourceTitle "CBM 106 Extra"]
[Source "ChessBase"]
[SourceDate "2005.07.01"]
[SourceVersion "1"]
[SourceVersionDate "2005.07.01"]
[SourceQuality "1"]

1. d4 d5 2. c4 c6 3. Nf3 Nf6 4. g3 Bf5 5. Bg2 e6 6. Nc3 h6 7. 0-0 Nbd7 8. Nd2 Be7 9. e4 dxe4 10. Ndxe4 0-0 11. Bf4 Nxe4 12. Nxe4 Nf6 13. Nc3 Qd7 14. Qb3 Rac8 15. Rad1 Rfd8 16. h3 Bg6 17. Rfe1 Bf8 18. Rd2 b6 19. Red1 Qe7 20. a3 Ne8 21. Qa4 Qd7 22. Qa6 Bd6 23. Be3 Bb8 24. d5 exd5 25. cxd5 c5 26. d6 Nxd6 27. Bf4 Qe6 28. Bxd6 Rxd6 29. Rxd6 Bxd6 30. Rxd6 Qxd6 31. Qxc8+ Kh7 32. Qe8 1-0